| 000 | 00615nam a22001577a 4500 | ||
|---|---|---|---|
| 999 |
_c11635 _d11635 |
||
| 008 | 181213b ||||| |||| 00| 0 eng d | ||
| 082 |
_22018 _aUT 1105 _bAl41 |
||
| 100 |
_933282 _aAlibasa, Jasmin G. |
||
| 245 |
_aDigos city online health management system with disease monitoring for barangay using link analysis/ _cJasmin G. Alibasa and Elen E. Torres |
||
| 260 |
_aDigos City: _bUMDC _cApril 2018 |
||
| 300 |
_a116 pages; _b29 cm. |
||
| 650 | 0 |
_933336 _aTechnical Programs _vInformation Technology _xUndergraduate Thesis |
|
| 700 |
_933283 _aAlibasa, Jasmin G. |
||
| 700 |
_933284 _aTorres, Elen E. |
||
| 942 |
_2ddc _cUT |
||